000 00477nam a22001937a 4500
003 MPLRDC
005 20220104192853.0
008 210129b ||||| |||| 00| 0 eng d
020 _a978-0-19-399843-8
082 _a857.75 ZYH
100 _a章诒和
245 _a杨氏女
_c
250 _a初版
260 _a香港
_b牛津大学出版社
_c2013
300 _b
490 _a情.罪系列: 2
650 _a中国文学--长篇小说
942 _cBK
_o857.75 ZYH
999 _c64919
_d64909